Largest Cities in the World in 1600 - Statistics

General Stats
  • This quiz has been taken 100 times
  • The average score is 11 of 20
Answer Stats
Modern-Day Country Population City % Correct
China 706k Beijing
98%
Turkey 697k Istanbul
98%
France 231k Paris
93%
United Kingdom 168k London
89%
Egypt 210k Cairo
87%
Japan 352k Kyoto
78%
Italy 222k Naples
78%
Japan 303k Osaka
78%
Pakistan 234k Lahore
62%
China 178k Guangzhou
54%
China 192k Nanjing
41%
India 456k Agra
40%
China 269k Hangzhou
37%
India 187k Ahmedabad
33%
Turkey 153k Edirne
28%
India 439k Vijayanagar
22%
Iraq 253k Ctesiphon
20%
Iraq 190k Seleucia
12%
India 192k Bijapur
11%
China 177k Shenyang
10%
No matching quizzes found
Score Distribution
Percent of People with Each Score
Percentile by Number Answered
Your Score History
You have not taken this quiz